Normal view MARC view

Entry Nombre personal

Number of records used in: 1

001 - NÚMERO DE CONTROL

  • campo de control: 21471

003 - IDENTIFICADOR DEL NÚMERO DE CONTROL

  • campo de control: FranzMayer

005 - FECHA Y HORA DE LA ÚLTIMA TRANSACCIÓN

  • campo de control: 20190320210332.0

008 - DATOS DE LONGITUD FIJA

  • campo de control de longitud fija: 190320|| aca||aabn | a|a d

040 ## - FUENTE DE LA CATALOGACIÓN

  • Centro catalogador/agencia de origen: FranzMayer
  • Centro/agencia transcriptor: FranzMayer

100 ## - ENCABEZAMIENTO-NOMBRE DE PERSONA

  • Nombre de persona: Laziardi, Fratis

670 ## - FUENTE DE DATOS ENCONTRADOS

  • Cita de la fuente: Work cat.: (FranzMayer): Laziardi, Fratis, Habes candide lector Fratis Laziardi necnon huberti vellei conserta epitoma a primeua mundi origine ad tempora nostra quibus Franciscus Primus Francorum Rex christianissimus soliciter imperantl Quae referta doctorum Philosophorum ac sanctorum patru optime dictis factiles memorandis necnon pontificum cesarum Regu ac principum egreijs facinoribus be vulgarem doctrina referes, 1521